[Event "Swiss Queens Wed #13"]
[Site "FIDE Online Arena INT"]
[Date "2024.04.24"]
[Round "11"]
[White "Ambartsumova, Karina"]
[Black "Shuvalova, Polina"]
[Result "0-1"]
[WhiteElo "2406"]
[BlackElo "2439"]
[PlyCount "120"]
[EventDate "2024.04.24"]
[EventType "swiss (blitz)"]
[EventRounds "11"]
[EventCountry "NET"]
[SourceTitle "CB18_2024"]
[SourceDate "2024.05.01"]
[SourceVersion "1"]
[SourceVersionDate "2024.05.01"]
[SourceQuality "2"]

1. c4 e6 2. Nc3 d5 3. cxd5 exd5 4. d4 c6 5. Nf3 Bd6 6. Bg5 Nf6 7. e3 h6 8. Bh4 0-0 9. Bd3 Re8 10. Qc2 Nbd7 11. Bg3 Bxg3 12. hxg3 Ng4 13. Ne2 Ndf6 14. 0-0 Ne4 15. Nc3 Bf5 16. Nd2 Qg5 17. Nf3 Qh5 18. Ne2 g5 19. Nc3 Bg6 20. Rad1 Re6 21. Rfe1 Nexf2 22. Qxf2 Nxf2 23. Kxf2 Qg4 24. Bxg6 Rxg6 25. Ne5 Qf5+ 26. Kg1 Rf6 27. Rf1 Qe6 28. Rxf6 Qxf6 29. Rf1 Qe6 30. Rxf7 Qxf7 31. Nxf7 Kxf7 32. g4 a5 33. Kf2 Ra6 34. Kf3 Ke6 35. b3 b5 36. e4 dxe4+ 37. Nxe4 Ra8 38. Ke3 Re8 39. Kd3 Rd8 40. Nc5+ Kd5 41. Ne4 Rf8 42. Nc3+ Ke6 43. Ke3 Rf1 44. Ne4 Ra1 45. Nc5+ Kd5 46. a4 Ra3 47. Kd2 Kxd4 48. Ne6+ Ke5 49. Nc5 Kd5 50. Nb7 Rxb3 51. Nxa5 Rb2+ 52. Kc3 Rxg2 53. axb5 cxb5 54. Kb4 Rxg4+ 55. Kxb5 h5 56. Nc6 h4 57. Ne7+ Ke4 58. Kc4 h3 59. Nd5 h2 60. Nf6+ Kf5+ 0-1

[Event "Swiss Queens Wed #13"]
[Site "FIDE Online Arena INT"]
[Date "2024.04.24"]
[Round "5"]
[White "Papp, Petra"]
[Black "Shuvalova, Polina"]
[Result "0-1"]
[WhiteElo "2281"]
[BlackElo "2439"]
[PlyCount "134"]
[EventDate "2024.04.24"]
[EventType "swiss (blitz)"]
[EventRounds "11"]
[EventCountry "NET"]
[SourceTitle "CB18_2024"]
[SourceDate "2024.05.01"]
[SourceVersion "1"]
[SourceVersionDate "2024.05.01"]
[SourceQuality "2"]

1. d4 Nf6 2. c4 e6 3. Nc3 d5 4. cxd5 Nxd5 5. e4 Nxc3 6. bxc3 c5 7. Nf3 cxd4 8. cxd4 Bb4+ 9. Bd2 Bxd2+ 10. Qxd2 0-0 11. Bc4 Nd7 12. 0-0 b6 13. Rfe1 Bb7 14. Rad1 Nf6 15. Qf4 Rc8 16. Bb3 Qc7 17. Qh4 h6 18. h3 Rfd8 19. Ne5 b5 20. Rd3 a5 21. Rg3 Kf8 22. Rd3 a4 23. Bd1 Qc1 24. Kh2 Qc7 25. Qf4 Qa5 26. Ree3 b4 27. d5 exd5 28. exd5 Rxd5 29. Rxd5 Bxd5 30. Bf3 Bxf3 31. Rxf3 Rc7 32. Ng4 Nxg4+ 33. hxg4 Qc5 34. Rd3 Qe7 35. Qd4 Kg8 36. Re3 Qh4+ 37. Rh3 Qe7 38. Re3 Qf8 39. Qe5 Rc8 40. Qd4 Rd8 41. Qc4 Qd6+ 42. g3 Rb8 43. Qe4 b3 44. axb3 axb3 45. Re1 Qb6 46. Rb1 Qxf2+ 47. Kh3 b2 48. Qe5 Qb6 49. Qc3 Qb3 50. Qe5 Qb4 51. Qd5 Qb7 52. Qe5 Qb5 53. Qd4 Qe2 54. Qc3 Qf2 55. Qe5 Rb4 56. Qc3 Qb6 57. Qc8+ Kh7 58. Qc2+ g6 59. Qc3 Rb3 60. Qc4 Qb7 61. Qc5 Qb8 62. Qf2 Qb7 63. Rf1 b1Q 64. Qe2 Qxf1+ 65. Qxf1 Rb1 66. Qg2 Rh1+ 67. Qxh1 Qxh1# 0-1

[Event "Swiss Queens Wed #13"]
[Site "FIDE Online Arena INT"]
[Date "2024.04.24"]
[Round "8"]
[White "Shuvalova, Polina"]
[Black "Balabayeva, Kseniya"]
[Result "0-1"]
[WhiteElo "2439"]
[BlackElo "2248"]
[PlyCount "76"]
[EventDate "2024.04.24"]
[EventType "swiss (blitz)"]
[EventRounds "11"]
[EventCountry "NET"]
[SourceTitle "CB18_2024"]
[SourceDate "2024.05.01"]
[SourceVersion "1"]
[SourceVersionDate "2024.05.01"]
[SourceQuality "2"]

1. f4 d5 2. Nf3 c5 3. g3 Nc6 4. Bg2 Bf5 5. 0-0 e6 6. d3 h6 7. Be3 d4 8. Bf2 Nf6 9. Nbd2 Ng4 10. Nc4 Bd6 11. Qd2 Rc8 12. e4 dxe3 13. Bxe3 0-0 14. Rae1 b5 15. Nxd6 Qxd6 16. Kh1 Rfd8 17. Bg1 c4 18. d4 b4 19. Ne5 Ncxe5 20. fxe5 Nxe5 21. Qf2 Ng4 22. Qf3 c3 23. b3 Nf6 24. Qf2 Qa6 25. Ra1 Rc7 26. Rfe1 Rcd7 27. a3 bxa3 28. Qf3 Qa5 29. h3 Bxc2 30. g4 Bxb3 31. Rec1 Rc8 32. Qe3 Bd5 33. Rc2 Bxg2+ 34. Kxg2 Nd5 35. Qf3 Rdc7 36. Rca2 c2 37. Rc1 Qd2+ 38. Bf2 Qxc1 0-1

[Event "Swiss Queens Wed #13"]
[Site "FIDE Online Arena INT"]
[Date "2024.04.24"]
[Round "10"]
[White "Shuvalova, Polina"]
[Black "Shukhman, Anna"]
[Result "1-0"]
[WhiteElo "2439"]
[BlackElo "2261"]
[PlyCount "97"]
[EventDate "2024.04.24"]
[EventType "swiss (blitz)"]
[EventRounds "11"]
[EventCountry "NET"]
[SourceTitle "CB18_2024"]
[SourceDate "2024.05.01"]
[SourceVersion "1"]
[SourceVersionDate "2024.05.01"]
[SourceQuality "2"]

1. Nf3 Nf6 2. c4 e6 3. g3 d5 4. Bg2 Be7 5. 0-0 0-0 6. d4 dxc4 7. Na3 Bxa3 8. bxa3 b5 9. Ne5 Nd5 10. Qc2 Bb7 11. Rb1 a6 12. Nxc4 Nc6 13. e3 bxc4 14. Rxb7 Na5 15. Rb1 c5 16. dxc5 Rc8 17. Rd1 Qe7 18. e4 Nf6 19. Be3 Ng4 20. Bd4 e5 21. Bc3 Nc6 22. Rd6 Nd4 23. Bxd4 exd4 24. Rxd4 Qxc5 25. Rbd1 Ne5 26. Rd5 Qc7 27. h3 f6 28. Kh2 Rfe8 29. Qc3 Nd3 30. Rd2 Qb6 31. Rd4 Ne5 32. f4 Nf7 33. Rxc4 Rcd8 34. Rcd4 Rc8 35. Qb3 Qxb3 36. axb3 Rc3 37. R4d3 Rec8 38. Bf1 Kf8 39. b4 g5 40. Rxc3 Rxc3 41. Bxa6 Rxa3 42. Bc4 gxf4 43. gxf4 Rf3 44. Rd7 Nh8 45. f5 Rc3 46. Bd5 Rc2+ 47. Kg3 Rc3+ 48. Kh4 Ra3 49. Rxh7 1-0

[Event "Titled Tuesday intern op 16th Apr Early"]
[Site "Chess.com INT"]
[Date "2024.04.16"]
[Round "1"]
[White "Jaque Gutierrez, Matias"]
[Black "Shuvalova, Polina"]
[Result "0-1"]
[WhiteElo "2189"]
[BlackElo "2439"]
[PlyCount "96"]
[EventDate "2024.04.16"]
[EventType "swiss (blitz)"]
[EventRounds "11"]
[EventCountry "USA"]
[SourceTitle "CB17_2024"]
[SourceDate "2024.04.24"]
[SourceVersion "1"]
[SourceVersionDate "2024.04.24"]
[SourceQuality "1"]

1. c4 e6 2. g3 d5 3. Bg2 Nf6 4. Nf3 Be7 5. 0-0 0-0 6. b3 b6 7. Bb2 Bb7 8. d3 c5 9. e3 Nc6 10. Qe2 Qd7 11. Nc3 Rfd8 12. Rfd1 Rac8 13. cxd5 Nxd5 14. Nxd5 exd5 15. d4 Qe6 16. Rac1 h6 17. Qf1 Bf8 18. Bh3 f5 19. Nh4 Ne7 20. Nf3 c4 21. Ne5 b5 22. g4 Qf6 23. Ba3 fxg4 24. Bxg4 Nf5 25. Bxf8 Rxf8 26. Qh3 Rc7 27. Kh1 Bc8 28. Qg2 Be6 29. Rg1 Kh7 30. Bh5 Nh4 31. Bg6+ Kg8 32. Qg3 Qxf2 33. Rcf1 Qxg3 34. hxg3 Rxf1 35. Rxf1 Nxg6 36. Nxg6 Rf7 37. Nf4 Bf5 38. Kh2 Be4 39. Rc1 g5 40. Ne6 Rf2+ 41. Kg1 Rxa2 42. bxc4 dxc4 43. Nc7 Rb2 44. d5 Rd2 45. Nxb5 Bxd5 46. Nxa7 Rg2+ 47. Kf1 Rh2 48. Nb5 Rh1+ 0-1

[Event "Titled Tuesday intern op 16th Apr Late"]
[Site "Chess.com INT"]
[Date "2024.04.16"]
[Round "6"]
[White "Karamsetty, Jeevan"]
[Black "Shuvalova, Polina"]
[Result "1-0"]
[WhiteElo "2222"]
[BlackElo "2439"]
[PlyCount "99"]
[EventDate "2024.04.16"]
[EventType "swiss (blitz)"]
[EventRounds "11"]
[EventCountry "USA"]
[SourceTitle "CB17_2024"]
[SourceDate "2024.04.24"]
[SourceVersion "1"]
[SourceVersionDate "2024.04.24"]
[SourceQuality "1"]

1. e4 c6 2. d4 d5 3. exd5 cxd5 4. Bd3 Nc6 5. c3 Nf6 6. Bf4 Bg4 7. Qb3 Qd7 8. Nd2 e6 9. Ngf3 Bd6 10. Bxd6 Qxd6 11. 0-0 0-0 12. Rfe1 Bxf3 13. Nxf3 Nd7 14. Qd1 a6 15. a4 g6 16. Qd2 Rfe8 17. Qh6 Qf8 18. Qh4 Qg7 19. Re3 h5 20. Rae1 Rab8 21. Ng5 Nf8 22. Rf3 Re7 23. Nh3 b5 24. axb5 axb5 25. Rg3 b4 26. Nf4 bxc3 27. Nxh5 Qxd4 28. Nf6+ Kg7 29. Nh5+ Kh8 30. Nf4+ Kg8 31. bxc3 Qxc3 32. Rf1 Qd4 33. Rh3 Rb4 34. g4 Qg7 35. Ng2 Ne5 36. Be2 Re4 37. Qxe7 Rxe2 38. Qh4 Re4 39. f4 Nc4 40. Qf2 d4 41. f5 Rxg4 42. f6 Qh7 43. Rxh7 Nxh7 44. Qe2 Ne3 45. Rf2 Ng5 46. Kh1 Ne4 47. Nxe3 Nxf2+ 48. Qxf2 dxe3 49. Qxe3 Rc4 50. Qh6 1-0

[Event "San Vicente op 8th"]
[Site "San Vicente"]
[Date "2024.03.30"]
[Round "6"]
[White "Shuvalova, Polina"]
[Black "Trigo Urquijo, Sergio"]
[Result "1-0"]
[WhiteElo "2455"]
[BlackElo "2387"]
[PlyCount "137"]
[EventDate "2024.03.27"]
[EventType "swiss"]
[EventRounds "9"]
[EventCountry "ESP"]
[SourceTitle "CB14_2024"]
[SourceDate "2024.04.01"]
[SourceVersion "1"]
[SourceVersionDate "2024.04.01"]
[SourceQuality "1"]

1. e4 c5 2. Nf3 Nc6 3. Bb5 e5 4. 0-0 Bd6 5. d3 Nf6 6. a4 a6 7. Bxc6 dxc6 8. a5 Bg4 9. h3 Bxf3 10. Qxf3 Nd7 11. Qg4 Qf6 12. Na3 Qg6 13. Nc4 Qxg4 14. hxg4 Be7 15. f4 exf4 16. Bxf4 h5 17. gxh5 Rxh5 18. Ra3 0-0-0 19. Bg3 f6 20. Raa1 Rdh8 21. Rae1 Rh1+ 22. Kf2 Rxf1+ 23. Rxf1 Nf8 24. c3 Ne6 25. Ke3 Rh5 26. Rf3 Rh1 27. e5 Rg1 28. exf6 Bxf6 29. Kf2 Rb1 30. Re3 Kd7 31. Kf3 Nc7 32. Bxc7 Kxc7 33. Kg4 Rg1 34. g3 Rg2 35. Kf3 Rg1 36. Re2 Rd1 37. Ke4 Rg1 38. Kf4 Rf1+ 39. Kg4 Rg1 40. Re8 Kd7 41. Rb8 Kc7 42. Rf8 Rd1 43. Rf7+ Kb8 44. Rd7 Kc8 45. Nb6+ Kb8 46. Kf3 Rf1+ 47. Kg2 Rd1 48. Kh3 Rh1+ 49. Kg4 Rd1 50. Kf5 Rg1 51. g4 Rg2 52. Nc4 Kc8 53. Rf7 Kb8 54. Ke6 Rg3 55. Kd6 Rxd3+ 56. Kxc5 Rd5+ 57. Kb4 Rg5 58. Nd6 Rxg4+ 59. c4 Bxb2 60. Rxb7+ Ka8 61. Rb6 c5+ 62. Ka4 Be5 63. Rxa6+ Kb8 64. Kb5 Kc7 65. Rc6+ Kd7 66. Nb7 Rg1 67. Nxc5+ Kd8 68. Re6 Bb8 69. Kc6 1-0

[Event "Bucharest Grand Prix op"]
[Site "Bucharest"]
[Date "2024.03.24"]
[Round "5"]
[White "Shuvalova, Polina"]
[Black "Sargsyan, Shant"]
[Result "0-1"]
[WhiteElo "2455"]
[BlackElo "2637"]
[PlyCount "74"]
[EventDate "2024.03.23"]
[EventType "swiss (rapid)"]
[EventRounds "10"]
[EventCountry "ROU"]
[SourceTitle "CB13_2024"]
[SourceDate "2024.03.27"]
[SourceVersion "1"]
[SourceVersionDate "2024.03.27"]
[SourceQuality "1"]

1. e4 e5 2. Nf3 Nc6 3. Nc3 Nf6 4. Bb5 Nd4 5. 0-0 c6 6. Bd3 Nxf3+ 7. Qxf3 g6 8. Be2 d6 9. Qg3 h5 10. h3 h4 11. Qh2 Bh6 12. d3 Bxc1 13. Raxc1 Qb6 14. b3 Qa5 15. Nb1 g5 16. c3 Qxa2 17. Bf3 Qxb3 18. Nd2 Qe6 19. d4 a5 20. Be2 Nh5 21. Bg4 Qe7 22. dxe5 dxe5 23. Bxh5 Rxh5 24. Nc4 f6 25. Rfd1 Be6 26. Ne3 a4 27. Kh1 Kf7 28. c4 Rhh8 29. Qg1 Rhd8 30. Qe1 a3 31. Ra1 Rd4 32. f3 Qc5 33. Rdc1 Rd3 34. Nf5 Rad8 35. Rcb1 R8d7 36. Rc1 Kg6 37. Rc3 Qb4 0-1

[Event "Swiss Queens Wed #8"]
[Site "FIDE Online Arena INT"]
[Date "2024.03.20"]
[Round "9"]
[White "Shuvalova, Polina"]
[Black "Maltsevskaya, Aleksandra"]
[Result "1/2-1/2"]
[WhiteElo "2455"]
[BlackElo "2374"]
[PlyCount "83"]
[EventDate "2024.03.20"]
[EventType "swiss (blitz)"]
[EventRounds "11"]
[EventCountry "NET"]
[SourceTitle "CB13_2024"]
[SourceDate "2024.03.27"]
[SourceVersion "1"]
[SourceVersionDate "2024.03.27"]
[SourceQuality "1"]

1. e4 c6 2. d4 d5 3. e5 Bf5 4. Nf3 e6 5. Be2 c5 6. c3 Nc6 7. 0-0 Bg6 8. Be3 c4 9. Nbd2 Nge7 10. Nh4 Nf5 11. Nxf5 Bxf5 12. g4 Bg6 13. f4 h5 14. f5 Bh7 15. fxe6 fxe6 16. gxh5 Be7 17. Bg4 Bg5 18. Qf3 Bxe3+ 19. Qxe3 Bd3 20. Bxe6 Bxf1 21. Rxf1 Qh4 22. Bf7+ Ke7 23. Bxd5 Raf8 24. Rxf8 Rxf8 25. Bf3 Rf5 26. Ne4 Kd8 27. Ng3 Rg5 28. Kg2 Ne7 29. Be4 Qxh5 30. Qf2 Qh4 31. Qf3 g6 32. Qf8+ Kd7 33. Bxb7 Nf5 34. Qc8+ Ke7 35. Qc7+ Kf8 36. Qd8+ Kg7 37. Qf6+ Kh7 38. Qf7+ Kh6 39. Qf8+ Kh7 40. Qf7+ Kh6 41. Qf8+ Kh7 42. Qf7+ 1/2-1/2

[Event "Swiss Queens Wed #7"]
[Site "FIDE Online Arena INT"]
[Date "2024.03.13"]
[Round "10"]
[White "Shuvalova, Polina"]
[Black "Vantika, Agrawal"]
[Result "1-0"]
[WhiteElo "2455"]
[BlackElo "2398"]
[PlyCount "111"]
[EventDate "2024.03.13"]
[EventType "swiss (blitz)"]
[EventRounds "11"]
[EventCountry "NET"]
[SourceTitle "CB12_2024"]
[SourceDate "2023.10.01"]
[SourceVersion "1"]
[SourceVersionDate "2023.10.01"]
[SourceQuality "1"]

1. e4 c5 2. Nf3 d6 3. Bb5+ Nd7 4. 0-0 a6 5. Bd3 Ngf6 6. Re1 e6 7. Bf1 Be7 8. c3 b5 9. d4 Bb7 10. e5 Nd5 11. a4 c4 12. exd6 Bxd6 13. Bg5 Qc7 14. axb5 axb5 15. Rxa8+ Bxa8 16. Nbd2 h6 17. Bh4 0-0 18. Ne4 Be7 19. Bg3 Qc6 20. h4 f5 21. Ned2 f4 22. Bh2 Bd6 23. Qe2 Nc7 24. Ne4 Be7 25. h5 Qb6 26. Nfd2 Bd5 27. Qg4 Ne8 28. Bxf4 Nef6 29. Nxf6+ Nxf6 30. Qg6 Kh8 31. Be5 Qd8 32. Be2 Bc6 33. Bf3 Be8 34. Qg3 Bf7 35. Qh3 Qd7 36. Ne4 Nxe4 37. Bxe4 Bd6 38. Qg3 Bxe5 39. Qxe5 Bg8 40. Bg6 Rf6 41. Re3 Rf8 42. Rg3 Bh7 43. Kh2 Bxg6 44. Rxg6 Kh7 45. Rxe6 Rxf2 46. Re7 Rxg2+ 47. Kxg2 Qg4+ 48. Kf2 Qh4+ 49. Kf3 Qh1+ 50. Ke2 Qg2+ 51. Kd1 Qf1+ 52. Kd2 Qf2+ 53. Qe2 Qf4+ 54. Kc2 Qf5+ 55. Qe4 Qxe4+ 56. Rxe4 1-0

[Event "Titled Tuesday intern op 12th Mar Early"]
[Site "Chess.com INT"]
[Date "2024.03.12"]
[Round "4"]
[White "Shuvalova, Polina"]
[Black "Banzea, Alexandru Bogdan"]
[Result "1-0"]
[WhiteElo "2455"]
[BlackElo "2394"]
[PlyCount "57"]
[EventDate "2024.03.12"]
[EventType "swiss (blitz)"]
[EventRounds "11"]
[EventCountry "USA"]
[SourceTitle "CB12_2024"]
[SourceDate "2023.10.01"]
[SourceVersion "1"]
[SourceVersionDate "2023.10.01"]
[SourceQuality "1"]

1. e4 c5 2. Nf3 g6 3. c3 d5 4. exd5 Qxd5 5. d4 cxd4 6. cxd4 Bg7 7. Nc3 Qd8 8. Be3 Nf6 9. Bc4 0-0 10. 0-0 Bg4 11. h3 Bxf3 12. Qxf3 Nc6 13. Rad1 Rc8 14. Bb3 Na5 15. Rfe1 Nxb3 16. axb3 Qb6 17. Bg5 Qxb3 18. Rxe7 Qxb2 19. Na4 Qb4 20. Nc5 b6 21. Bxf6 Bxf6 22. Qxf6 bxc5 23. d5 c4 24. d6 Qb3 25. Rde1 c3 26. d7 Rb8 27. Re8 Qb6 28. Qxb6 axb6 29. Rxb8 1-0

[Event "Titled Tuesday intern op 12th Mar Early"]
[Site "Chess.com INT"]
[Date "2024.03.12"]
[Round "10"]
[White "Shuvalova, Polina"]
[Black "Borgaonkar, Akshay"]
[Result "1-0"]
[WhiteElo "2455"]
[BlackElo "2372"]
[PlyCount "139"]
[EventDate "2024.03.12"]
[EventType "swiss (blitz)"]
[EventRounds "11"]
[EventCountry "USA"]
[SourceTitle "CB12_2024"]
[SourceDate "2023.10.01"]
[SourceVersion "1"]
[SourceVersionDate "2023.10.01"]
[SourceQuality "1"]

1. e4 c5 2. Nf3 a6 3. c3 e6 4. d4 d5 5. exd5 exd5 6. Bd3 Nf6 7. 0-0 Be7 8. dxc5 Bxc5 9. Nbd2 0-0 10. Nb3 Bd6 11. h3 h6 12. Re1 Nc6 13. Be3 Re8 14. Bc5 Rxe1+ 15. Qxe1 Be6 16. Bxd6 Qxd6 17. Qe3 Re8 18. Re1 Bd7 19. Qd2 Ne5 20. Nxe5 Rxe5 21. Re3 Qe7 22. Rxe5 Qxe5 23. Nd4 Ne4 24. Qe3 Qe8 25. Nf3 Bc6 26. a3 Bb5 27. Bc2 Bc6 28. Nd4 Nd6 29. Qxe8+ Bxe8 30. Bb3 Bc6 31. f3 Kf8 32. Kf2 Ke7 33. Ke3 f6 34. g4 Kd7 35. Ba2 a5 36. h4 g6 37. Kf4 g5+ 38. hxg5 hxg5+ 39. Ke3 b6 40. Bb3 Bb7 41. Ba4+ Ke7 42. Bb3 Kd7 43. Ne2 Ke7 44. Ng3 Bc8 45. Bxd5 Be6 46. Bxe6 Kxe6 47. Kd4 Nb5+ 48. Kd3 Ke5 49. Nh5 Nd6 50. b3 f5 51. c4 fxg4 52. fxg4 Ne4 53. Ke3 Nc3 54. Ng3 a4 55. bxa4 Nxa4 56. Ne4 Nb2 57. Nd2 Nd1+ 58. Ke2 Nb2 59. Ke3 Nd1+ 60. Kf3 Nb2 61. Kg3 Kd4 62. Nf3+ Kxc4 63. Nxg5 Nd3 64. Nf7 Nc5 65. Kf4 Kb3 66. Kf5 Kxa3 67. g5 Nd7 68. g6 Nf8 69. g7 Ng6 70. Kxg6 1-0

[Event "Titled Tuesday intern op 12th Mar Early"]
[Site "Chess.com INT"]
[Date "2024.03.12"]
[Round "7"]
[White "Shuvalova, Polina"]
[Black "Paravyan, David"]
[Result "1/2-1/2"]
[WhiteElo "2455"]
[BlackElo "2612"]
[PlyCount "59"]
[EventDate "2024.03.12"]
[EventType "swiss (blitz)"]
[EventRounds "11"]
[EventCountry "USA"]
[SourceTitle "CB12_2024"]
[SourceDate "2023.10.01"]
[SourceVersion "1"]
[SourceVersionDate "2023.10.01"]
[SourceQuality "1"]

1. e4 e5 2. Nf3 Nf6 3. Nc3 Nc6 4. Bb5 Nd4 5. 0-0 c6 6. Bd3 Nxf3+ 7. Qxf3 Bc5 8. Qg3 0-0 9. Be2 d5 10. d3 Kh8 11. Bg5 Bd4 12. Kh1 h6 13. Bxf6 Qxf6 14. exd5 Bxc3 15. bxc3 cxd5 16. Rab1 b6 17. Bf3 Be6 18. Rfe1 Rac8 19. Qxe5 Qxe5 20. Rxe5 Rxc3 21. Rb2 Rfc8 22. Bd1 g5 23. g3 Kg7 24. Kg2 Kf6 25. Re3 d4 26. Re1 Bd5+ 27. Kh3 Be6+ 28. Kg2 Bd5+ 29. Kh3 Be6+ 30. Kg2 1/2-1/2

[Event "Swiss Queens Wed #5"]
[Site "FIDE Online Arena INT"]
[Date "2024.02.28"]
[Round "11"]
[White "Nguyen, Hong Nhung"]
[Black "Shuvalova, Polina"]
[Result "1-0"]
[WhiteElo "2063"]
[BlackElo "2455"]
[PlyCount "71"]
[EventDate "2024.02.28"]
[EventType "swiss (blitz)"]
[EventRounds "11"]
[EventCountry "NET"]
[SourceTitle "CB10_2024"]
[SourceDate "2024.03.06"]
[SourceVersion "1"]
[SourceVersionDate "2024.03.06"]
[SourceQuality "1"]

1. e4 c5 2. Nc3 Nc6 3. Bb5 Nd4 4. Bc4 e6 5. Nge2 a6 6. Nxd4 cxd4 7. Ne2 Bc5 8. d3 Ne7 9. 0-0 0-0 10. Ng3 d5 11. Bb3 b5 12. Qh5 Bb7 13. Re1 g6 14. Qh4 f6 15. Bh6 Rf7 16. Qg4 f5 17. exf5 exf5 18. Qh4 Qd7 19. Re2 Re8 20. Rae1 Rc8 21. Qg5 Kh8 22. Qh4 Ng8 23. Bf4 Nf6 24. Be5 Rcf8 25. Bxd4 Bxd4 26. Qxd4 Kg8 27. h4 Ng4 28. f3 Nf6 29. h5 f4 30. hxg6 hxg6 31. Qxf4 Kg7 32. Qd4 Qd6 33. Re5 Kg8 34. Rg5 Kh7 35. Qh4+ Kg7 36. Nf5+ 1-0